| Поле | Инд. | ПП | Название | Значение |
|---|---|---|---|---|
| Тип записи | a | |||
| Библиографический уровень | m | |||
| 001 | _ | Контрольный номер | RU\infra-m\znanium\bibl\858482 | |
| 005 | _ | Дата корректировки | 20250915104149.2 | |
| 008 | Кодируемые данные | 190327s2017 RU g rus u | ||
| 020 | a | ISBN | 978-5-16-104070-6 | |
| 040 | a | Служба первич. каталог. | Общество с ограниченной ответственностью «ЗНАНИУМ» | |
| 041 | a | Код языка текста | rus | |
| 044 | a | Код страны публикации | RU | |
| 080 | a | Индекс УДК | 316 | |
| 084 | 2 | Источник индекса | rubbk | |
| a | Индекс другой классификации/Индекс ББК | 605 | ||
| 084 | 2 | Источник индекса | okso | |
| a | Индекс другой классификации/Индекс ББК | 39.00.00 | ||
| 100 | 1_ | a | Автор | Передня Дмитрий Григорьевич |
| q | Полное имя | Дмитрий Григорьевич | ||
| 245 | a | Заглавие | Социология духовной жизни | |
| b | Продолж. заглавия | Учебное пособие | ||
| c | Ответственность | Академия управления Министерства внутренних дел Российской Федерации | ||
| 250 | a | Основные сведения об издании | 1 | |
| 260 | a | Место издания | Москва | |
| b | Издательство | ООО "Научно-издательский центр ИНФРА-М" | ||
| c | Дата издания | 2017 | ||
| 300 | a | Объем | 188 с. | |
| 440 | a | Серия | Высшее образование | |
| 520 | a | Аннотация | В пособии показано место социологии духовной жизни в системе | |
| 521 | a | Примеч. о целев. назн. | ВО - Бакалавриат | |
| 650 | a | Основная рубрика | Политика. Социология | |
| x | Основная подрубрика | Основы социологии | ||
| 852 | x | Примечание, не предназначенное для пользователя | znanium2023 | |
| 856 | 4_ | a | Имя сервера/домена | znanium.com |
| m | Помощь | ebs_support@infra-m.ru | ||
| n | Местонахождение сервера | НИЦ ИНФРА-М | ||
| u | URL | https://znanium.com/catalog/document?id=261173 | ||
| z | Примечание для пользователя | Участвует в КО | ||
| 856 | 41 | a | Имя сервера/домена | znanium.com |
| d | Путь | /cover/0858 | ||
| f | Электронное имя | 858482.jpg | ||
| q | Тип электронного формата | image/jpeg | ||
| u | URL | https://znanium.com/cover/0858/858482.jpg |